00231nam a2200097Ia 4500008004100000041000800041082002700049100001700076245003100093260000900124230411s9999 xx 000 0 und d aeng aCH/610.7343/BHA/B00326 aBhalerao S K aPrimary Health Care Manual c2000